000 00431pab a2200169 454500
008 180718b2003 xxu||||| |||| 00| 0 eng d
100 _aSingh, Rajendra
245 _aResistance to change in organisation
260 _c2003
300 _ap.259-60.
362 _aApr
650 _aOrganizational change
700 _aPathak, Anil Chandra
700 _aSingh, Jyotish Kumar
773 _aManagement Accountant
909 _a56012
999 _c56012
_d56012